| 000 | 00499nam a2200157Ia 4500 | ||
|---|---|---|---|
| 005 | 20250424120238.0 | ||
| 008 | 250424s9999 xx 000 0 und d | ||
| 022 | _a23197285 | ||
| 050 | _aHF 1371 .G56/ | ||
| 245 | 0 | _aGlobal journal of commerce and management perspective | |
| 260 | _bDepartment of Microbiology, LAUTECH Teaching Hospital. | ||
| 260 | _c2022 | ||
| 300 | _a14 p. :ill. ; 29 cm. | ||
| 650 | _aManagement--Periodicals. Commerce--Periodicals. Business--Periodicals. | ||
| 942 | _cSR | ||
| 999 |
_c38213 _d38213 |
||